BBC Sherlock Fun Quiz (3) - Statistics

General Stats
  • This quiz has been taken 309 times
  • The average score is 7 of 15
Answer Stats
Hint Answer % Correct
Who does 'Jim from IT' date? Molly Hooper
95%
Who shoots Jeff the cabbie at the end of ASiP? John Watson
90%
How long is each episode? 90 Minutes
66%
What item is Mycroft frequently seen with? Umbrella
64%
What animal features heavily on Molly Hooper's blog? Cats
59%
What were Mary's initials? AGRA
47%
What song is Moriarty's trademark in the series? Stayin' Alive
46%
Who was John's old commander? Major Sholto
43%
What number was John's hit counter stuck on during ASiB? 1895
37%
Who needs Sherlock at the end of HLV? England
35%
What creature appears on Moriarty's tie pin in TRF? Fox
31%
What was the nickname of the assassin in TGG? The Golem
30%
How much was the Vermeer painting worth from TGG? 30 Million Pounds
22%
What brand of coat is Sherlock's? Belstaff
17%
The three writers of Sherlock are Moffat, Gatiss and ... Thompson
12%
No matching quizzes found
Score Distribution
Percent of People with Each Score
Percentile by Number Answered
Your Score History
You have not taken this quiz